Situation and soil quality of o taloung reser vior in roka ar commune, korng meas district, kampong cham province, ស្ថានភាព និងគុណភាពដីកសិកម្មអាងធារាសាស្ត្រអូតាលូងនៅក្នុងឃុំរកាអារ ស្រុកកងមាស ខេត្តកំពង់ចាម (Record no. 4252)

000 -LEADER
fixed length control field 00728nam a22001337a 4500
040 ## - CATALOGING SOURCE
Transcribing agency RUA
082 ## - DEWEY DECIMAL CLASSIFICATION NUMBER
Classification number ATM TIM 2008 B195 Or.1
100 ## - MAIN ENTRY--AUTHOR NAME
Personal name TIM, SOPHEA
245 ## - TITLE STATEMENT
Title Situation and soil quality of o taloung reser vior in roka ar commune, korng meas district, kampong cham province, ស្ថានភាព និងគុណភាពដីកសិកម្មអាងធារាសាស្ត្រអូតាលូងនៅក្នុងឃុំរកាអារ ស្រុកកងមាស ខេត្តកំពង់ចាម
260 ## - PUBLICATION, DISTRIBUTION, ETC. (IMPRINT)
Place of publication Phnom Penh
Name of publisher RUA
Year of publication 2008
300 ## - PHYSICAL DESCRIPTION
Number of Pages xv, 45p.
Other physical details ill.
Dimensions 29cm.
856 ## - ELECTRONIC LOCATION AND ACCESS
Uniform Resource Identifier https://drive.google.com/file/d/1UfgwqEX24s3JCskPMfLwVzUBN17LWhny/view?usp=sharing
942 ## - ADDED ENTRY ELEMENTS (KOHA)
Koha item type ATM
952 ## - LOCATION AND ITEM INFORMATION (KOHA)
Withdrawn status [LOCAL, KOHA] 0
952 ## - LOCATION AND ITEM INFORMATION (KOHA)
Withdrawn status [LOCAL, KOHA] 0
952 ## - LOCATION AND ITEM INFORMATION (KOHA)
Withdrawn status [LOCAL, KOHA] 0
952 ## - LOCATION AND ITEM INFORMATION (KOHA)
Withdrawn status [LOCAL, KOHA] 0
Holdings
Koha item type Barcode Lost status Permanent Location Current Location Date acquired Full call number
ATMRUA41215 Library Block BLibrary Block B2015-12-08ATM TIM 2008 B195 Or.1
ATMRUA40848 Library Block BLibrary Block B2015-12-08ATM TIM 2008 B195 Or.2
ATMRUA41210 Library Block BLibrary Block B2015-12-08ATM TIM 2008 B195 Or.3
ATMRUA043201 Library Block BLibrary Block B2015-12-08ATM TIM 2008 B195 Or.4
មជ្ឈមណ្ឌលឯការនៃសាកលវិទ្យាល័យភូមិន្ទកសិកម្មចំការដូង

Powered by Koha